Héroes
שמור ב:
| מחבר ראשי: | |
|---|---|
| פורמט: | ספר |
| שפה: | ספרדית |
| יצא לאור: |
Barcelona
Ediciones B
2009
|
| מהדורה: | 1a. ed |
| סדרה: | No Ficción-Historia
|
| נושאים: | |
| תגים: |
הוספת תג
אין תגיות, היה/י הראשונ/ה לתייג את הרשומה!
|
MARC
| LEADER | 00000nam a2200000 a 4500 | ||
|---|---|---|---|
| 001 | UCH2999 | ||
| 003 | CL-VaPUC | ||
| 008 | 090709e20090000SP |||||||||||||||||spa|d | ||
| 020 | |a 9788466623148 | ||
| 082 | 0 | 4 | |a 920 |b JOH |2 21 |
| 100 | |a Johnson, Paul |e author |9 582295 | ||
| 245 | 1 | 0 | |a Héroes |
| 250 | |a 1a. ed | ||
| 300 | |a 328 p | ||
| 942 | |c BK | ||
| 945 | |d 20090709 00:00:00 |a cmena | ||
| 260 | |a Barcelona |b Ediciones B |c 2009 | ||
| 600 | 0 | |a Magno, Alejandro |9 318232 | |
| 600 | 0 | 7 | |a DEBORA |2 CL-VaPUC |9 538093 |
| 600 | 0 | 7 | |a JUDIT |2 CL-VaPUC |9 538094 |
| 600 | 0 | 7 | |a SANSON |2 CL-VaPUC |9 538095 |
| 600 | 0 | 7 | |a DAVID |2 CL-VaPUC |9 478379 |
| 600 | 0 | 7 | |a ENRIQUE V |2 CL-VaPUC |9 435471 |
| 600 | 0 | 7 | |a JUANA DE ARCO |2 CL-VaPUC |9 442364 |
| 600 | 0 | |a Moro, Tomás, |d 1478-1535 |q More, Thomas |9 455757 | |
| 600 | 0 | 7 | |a ISABEL I |2 CL-VaPUC |9 448347 |
| 600 | 0 | 7 | |a WASHINGTON, GEORGE |2 CL-VaPUC |9 377771 |
| 600 | 0 | |a Dickinson, Emily |9 417756 | |
| 600 | 0 | |a Lincoln, Abraham, |d 1809-1865 |9 321765 | |
| 600 | 0 | 7 | |a WITTGENSTEIN, LUDWIG |2 CL-VaPUC |9 257080 |
| 600 | 0 | 7 | |a CHURCHILL, WINSTON |2 CL-VaPUC |9 535510 |
| 600 | 0 | |a GAULLE, CHARLES DE |9 438111 | |
| 600 | 0 | 7 | |a WEST, MAE |2 CL-VaPUC |9 538097 |
| 600 | 0 | 7 | |a MONROE, MARILYN |2 CL-VaPUC |9 538098 |
| 600 | 0 | 7 | |a REAGAN, RONALD |2 CL-VaPUC |9 373977 |
| 600 | 0 | |a Thatcher, Margaret |9 538099 | |
| 600 | 0 | |a Juan Pablo II |9 309920 | |
| 650 | 0 | |a Biografías |9 255210 | |
| 650 | 0 | |a Liderazgo |9 271835 | |
| 650 | 0 | |a Historia universal |9 266877 | |
| 650 | 7 | |a HEROISMO |2 CL-VaPUC |9 432166 | |
| 583 | |a last modification |c 20090709 00:00:00 |k Rodrigo Vera | ||
| 490 | 0 | |a No Ficción-Historia | |
| 999 | |c 334656 |d 334654 | ||
| 952 | |0 0 |1 0 |4 0 |6 920_000000000000000_JOH_2009 |7 0 |8 C |9 423786 |a BIBCUR |b BIBCUR |d 2019-11-22 |i 4568451 |l 6 |o 920 JOH 2009 |p 4568451 |r 2025-04-22 |s 2022-04-20 |w 2019-11-22 |y BK |k CAC | ||